Responses for Show #6760 - Friday, January 24, 2014

Contestants

[<< previous game]

Dana Murray, a foreign service officer originally from Tampa, Florida

Joe Thomas, a recent math graduate and pizza delivery person from Martin, Tennessee

Chip Bell, a telecom engineer from Marysville, Ohio (whose 1-day cash winnings total $17,300)

[next game >>]

Jeopardy! Round responses

SAFETY IN NUMBERS
CENTURY 19
10-LETTER WORDS
THEY TURNED MY BOOK INTO A MOVIE
DEATH
TAXES
    $200 1
the Washington Redskins

Dana
    $200 4
the Beagle

Joe
    $200 8
(Alex: Held a [*] exposition. One year off.)

centennial

Triple Stumper
    $200 15
Stieg Larsson

Dana
    $200 18
the Black Death

Joe
    $200 28
1040

Chip
    $400 2
the San Francisco 49ers

Joe
    $400 5
electoral votes

Joe
    $400 9
fratricide

Joe
    $400 17
Ian Fleming

Chip
    $400 19
Death Row Records

Chip
    $400 20
Value Added Tax

Chip
    $600 3
Lambeau Field

Chip
    $600 11
Sacré Couer

Dana
    $600 10
(Chip: What is a shoemaker?)
(Dana: What is a puppeteer?)
...
(Alex: Geppetto was a [*]. Carved Pinocchio.)

woodcarver

ChipDana
Triple Stumper
    $600 22
(Margaret) Mitchell

Joe
    $600 25
mushrooms

Chip
    $600 21
Wesley Snipes

Joe
    $800 6
the (Baltimore) Ravens

Dana
    $1,000 12
(Alex: Remember [*], yes.)

the Maine

Dana
    $800 14
a splashdown

Chip
    $800 23
Max Brooks

Triple Stumper
    $800 29
sudden infant death syndrome

Chip
    $800 26
a sin tax

Dana
    $1000 7
the Chicago Bears

Joe
    $1000 13
Krakatoa

Joe
    $1000 16
(Dana: What is backwater?)

hinterland

Dana
Triple Stumper
    $1000 24
(Dennis) Lehane

Joe
    $1000 30
(Alex: [*], yes, that looks like Marat to me.)

(Jacques Louis) David

Joe
    $1000 27
the alternative minimum tax

Dana

Scores at the first commercial break (after clue 15):

Chip Joe Dana
$800 $3,400 $2,200

Scores at the end of the Jeopardy! Round:

Chip Joe Dana
$3,600 $6,800 $3,000

Double Jeopardy! Round responses

ANCIENT ROME
THE "I"s HAVE IT
ANATOMY
SOAP BRANDS DEFINED
U.S. ISLANDS
BEFORE & AFTER AT THE MOVIES
    $400 2
a battering ram

Dana
    $400 21
immunity

Chip
    $400 4
the mandible

Joe
    $400 12
Lava

Dana
    $400 18
Staten Island

Dana
    $400 1
Sally Field of Dreams

Joe
    $800 3
the Tiber

Chip
    $800 27
[The end-of-round signal sounds.]

infraction

Dana
    $800 14
(Chip: What is a pore?)

the hair follicle

Chip
Triple Stumper
    $800 13
Dove

Joe
    $800 19
Erie

Chip
    $800 5
Saving Private Ryan O'Neal

Dana
    $1200 9
the Senate

Dana
    $1,600 15
(Joe: What is the small intestine?)

the colon

Joe
    $1200 20
Caress

Joe
    $1200 24
(Chip: What is Narragansent--Narragassett--[*]?)

Narragansett

Chip
    $1200 6
Sleeping Beauty-School Dropout

Dana
    $1600 10
(Dana: Who is Tiberius?)

Nero

Dana
Triple Stumper
    $1600 16
the wrist

Joe
    $1600 22
Ivory

Triple Stumper
    $2,000 25
(Chip: I don't know.)

Lake Placid

Chip
    $1600 7
Rama Lama Ding-Dong! The Wicked Witch Is Dead

Triple Stumper
    $2000 11
Hadrian's Wall

Chip
    $2000 17
(Chip: What is the medulla oblongata?)
(Dana: What is the cerebellum?)

the hypothalamus

ChipDana
Triple Stumper
    $2000 23
(Dana: What is rind?)
...
(Alex: That Rind soap is gonna be popular someday.)
[Laughter]

Zest

ChipDana
    $2000 26
Jekyll

Joe
    $2000 8
The Blind Side Effect

Dana

Scores at the end of the Double Jeopardy! Round:

Chip Joe Dana
$6,000 $11,600 $4,600

[wagering suggestions for these scores]

Final Jeopardy! Round responses

GROUNDBREAKING NONFICTION
[Laughter on the reveal of Joe's response]
(Alex: You're more recent, and a lot different than [*].)
DanaWhat is Silent Spring?
$4,500
ChipWhat is Silent Spring?
$6,000
JoeWhat is 50 Shades?
$401
Silent Spring

Final scores:

Chip Joe Dana
$12,000 $11,199 $9,100
2-day champion: $29,300 2nd place: $2,000 3rd place: $1,000

Game dynamics:

Coryat scores:

Chip Joe Dana
$8,000 $13,200 $4,400
14 R,
4 W
(including 1 DD)
17 R,
1 W
(including 1 DD)
15 R
(including 1 DD),
5 W

Combined Coryat: $25,600

[game clues] [game scores] [suggest correction]

Game tape date: 2013-11-12
The J! Archive is created by fans, for fans. Scraping, republication, monetization, and malicious use prohibited; this site may use cookies and collect identifying information. See terms. The Jeopardy! game show and all elements thereof, including but not limited to copyright and trademark thereto, are the property of Jeopardy Productions, Inc. and are protected under law. This website is not affiliated with, sponsored by, or operated by Jeopardy Productions, Inc. Join the discussion at JBoard.tv.